[Event "XIII American Continental"]
[Site "Montevideo URU"]
[Date "2018.06.02"]
[Round "2"]
[White "Palacio, Enzo"]
[Black "Durante, Aurelio"]
[Result "1/2-1/2"]
[WhiteElo "1633"]
[BlackElo "2006"]
[EventDate "2018.06.01"]
[PlyCount "105"]

1.e4 e5 2.Nf3 Nc6 3.Bb5 f5 4.exf5 e4 5.Qe2 Qe7 6.Bxc6 dxc6 7.Nd4 Qe5 8.Ne6
Bxe6 9.fxe6 Bd6 10.Nc3 Nf6 11.b3 O-O-O 12.Bb2 Rhe8 13.O-O-O Rxe6 14.h3 
Rde8 15.Rhe1 Qg5 16.Qf1 Nd5 17.Ne2 Rf8 18.Bd4 c5 19.Be3 Nxe3 20.dxe3 Qf6 
21.Kb1 Qxf2 22.Nf4 Qxf1 23.Rxf1 Ref6 24.Rfe1 Bxf4 25.exf4 Rxf4 26.g3 Rf3 
27.Rxe4 Rxg3 28.Re7 Rg6 29.Rdd7 Rc6 30.Rxg7 h6 31.c4 b6 32.Rd3 a6 33.a4 
Rd8 34.Re3 Rcd6 35.Kc2 R8d7 36.Rg8+ Kb7 37.Rge8 Rd2+ 38.Kc3 Rg2 39.Re2 
Rg3+ 40.R2e3 Rdg7 41.Kd3 R7g6 42.Re5 Kc6 43.Kd2 Rd6+ 44.Kc3 Rxe3+ 45.Rxe3 
b5 46.axb5+ axb5 47.cxb5+ Kxb5 48.Re5 Rg6 49.Rh5 c6 50.Rh4 Rf6 51.Rh5 Rf3+
52.Kc2 Rf6 53.Rh4 1/2-1/2

[Event "XIII American Continental"]
[Site "Montevideo URU"]
[Date "2018.06.02"]
[Round "2"]
[White "Chang, Suzana"]
[Black "Amaral, Francisco"]
[Result "1-0"]
[WhiteElo "1994"]
[BlackElo "1637"]
[EventDate "2018.06.01"]
[PlyCount "101"]

1.e4 e5 2.Nf3 d6 3.d4 exd4 4.Nxd4 Nf6 5.Nc3 Be7 6.Be2 O-O 7.O-O c6 8.a4 a5
9.Be3 Nbd7 10.Nb3 Ne5 11.h3 Qc7 12.f4 Ng6 13.Qd2 Rd8 14.Bf3 Nd7 15.Qf2 b6 
16.Nd4 Nc5 17.Rad1 Ba6 18.Rfe1 Rab8 19.Rd2 Ne6 20.Nde2 Nc5 21.Red1 f6 22.
h4 Bf8 23.h5 Ne7 24.f5 Bc4 25.Nf4 Bf7 26.Qh4 b5 27.axb5 cxb5 28.h6 b4 29.
Nce2 Re8 30.Bd4 Nc6 31.hxg7 Bxg7 32.Bxc5 dxc5 33.Rd7 Qb6 34.Rxf7 Kxf7 35.
Qxh7 Ne5 36.Bh5+ Kf8 37.Bxe8 Rxe8 38.Ne6+ Rxe6 39.fxe6 Qxe6 40.Nf4 Qg4 41.
Rf1 Ke7 42.Nh5 Kf8 43.Nxf6 Bxf6 44.Rxf6+ Ke8 45.Rf1 Qg3 46.Qh8+ Ke7 47.
Qf8+ Kd7 48.Qxc5 Ke6 49.Qb6+ Ke7 50.Qf6+ Ke8 51.Qd6 1-0

[Event "XIII American Continental"]
[Site "Montevideo URU"]
[Date "2018.06.02"]
[Round "2"]
[White "Bon, Charles"]
[Black "Izquierdo, Sebastian"]
[Result "1/2-1/2"]
[WhiteElo "1591"]
[BlackElo "1992"]
[EventDate "2018.06.01"]
[PlyCount "75"]

1.d4 Nf6 2.c4 e6 3.Nc3 Bb4 4.Qc2 c5 5.dxc5 Bxc5 6.Nf3 O-O 7.e3 b6 8.Be2 
Bb7 9.O-O d5 10.cxd5 Nxd5 11.Nxd5 Bxd5 12.b3 Be7 13.Bb2 Bf6 14.Rfd1 Bxb2 
15.Qxb2 Qe7 16.Rac1 Bb7 17.Qd2 Ba6 18.Bxa6 Nxa6 19.Qd6 Qxd6 20.Rxd6 Rfd8 
21.Rcd1 Rxd6 22.Rxd6 Rc8 23.Kf1 Kf8 24.Rd7 Rc7 25.Rxc7 Nxc7 26.Ke2 f6 27.
Nd4 Ke8 28.Kd3 Kd7 29.Kc4 a6 30.a4 e5 31.Nc2 Kd6 32.e4 g6 33.Ne3 Kc6 34.g3
Ne8 35.Nd5 Nd6+ 36.Kd3 f5 37.f3 fxe4+ 38.fxe4 1/2-1/2

[Event "XIII American Continental"]
[Site "Montevideo URU"]
[Date "2018.06.02"]
[Round "2"]
[White "Da Silva Junior, Sediney Mari"]
[Black "Oviedo, Mathias"]
[Result "1-0"]
[WhiteElo "1990"]
[BlackElo "1611"]
[EventDate "2018.06.01"]
[PlyCount "51"]

1.e4 c5 2.Nf3 d6 3.c3 Nf6 4.Be2 Bd7 5.e5 dxe5 6.Nxe5 Nc6 7.Nxd7 Qxd7 8.O-O
e5 9.Bb5 a6 10.Bxc6 Qxc6 11.Re1 Bd6 12.d4 cxd4 13.cxd4 e4 14.Bg5 Kf8 15.
Bxf6 gxf6 16.Nc3 f5 17.Qh5 Bb4 18.Qxf5 Bxc3 19.bxc3 Re8 20.Re3 Qe6 21.Qc5+
Qe7 22.Qh5 Qf6 23.Rae1 Qf4 24.Qc5+ Kg7 25.Qd5 f5 26.Qxb7+ 1-0

[Event "XIII American Continental"]
[Site "Montevideo URU"]
[Date "2018.06.02"]
[Round "2"]
[White "Arias Duran, Jorge"]
[Black "Nascimento, Pedro Henrique Alves"]
[Result "0-1"]
[WhiteElo "1581"]
[BlackElo "1979"]
[EventDate "2018.06.01"]
[PlyCount "88"]

1.d4 d5 2.c4 c6 3.Nf3 Nf6 4.Nc3 dxc4 5.a4 Bf5 6.e3 e6 7.Bxc4 Bb4 8.O-O 
Nbd7 9.Qb3 Qb6 10.h3 O-O 11.Rd1 Bg6 12.Bd3 Bxd3 13.Rxd3 Rac8 14.Na2 c5 15.
Rd1 a5 16.Nxb4 c4 17.Qc2 axb4 18.e4 Qc6 19.e5 Nd5 20.Ng5 f5 21.exf6 N7xf6 
22.Nf3 b3 23.Qe2 Nb4 24.Ne5 Qd5 25.Be3 Nc2 26.Rac1 Nd7 27.Qd2 Nxe5 28.dxe5
Qxd2 29.Rxd2 Rfd8 30.Rdxc2 bxc2 31.Rxc2 Rd1+ 32.Kh2 Rc6 33.a5 Rd5 34.Bb6 
Rxe5 35.Rd2 Rd5 36.Re2 Kf7 37.Re4 e5 38.f4 Rd2 39.Rxe5 Rxb2 40.Rd5 Rbxb6 
41.axb6 c3 42.Rd7+ Ke6 43.Rxb7 c2 44.Rc7 Rxc7 0-1

[Event "XIII American Continental"]
[Site "Montevideo URU"]
[Date "2018.06.02"]
[Round "2"]
[White "Moccero, Eduardo"]
[Black "Cardozo, Camila"]
[Result "1-0"]
[WhiteElo "1970"]
[BlackElo "1586"]
[EventDate "2018.06.01"]
[PlyCount "65"]

1.d4 Nf6 2.Nf3 e6 3.e3 d5 4.Bd3 c5 5.c3 Be7 6.Nbd2 O-O 7.O-O Nc6 8.dxc5 
Bxc5 9.Qe2 e5 10.e4 d4 11.Nb3 Bb6 12.Bg5 Bg4 13.Rac1 dxc3 14.Rxc3 Nd4 15.
Nbxd4 Bxd4 16.Rc2 Qb6 17.h3 Bh5 18.g4 Nxg4 19.Nxd4 exd4 20.hxg4 Qg6 21.f4 
Bxg4 22.Qxg4 h6 23.Rc5 f6 24.Rf3 fxg5 25.fxg5 Rxf3 26.Qxf3 Qb6 27.Rb5 Qc6 
28.gxh6 Qc1+ 29.Kh2 Qxh6+ 30.Rh5 Qd2+ 31.Kh3 Qb4 32.e5 Qe7 33.Bc4+ 1-0

[Event "XIII American Continental"]
[Site "Montevideo URU"]
[Date "2018.06.02"]
[Round "2"]
[White "Araujo, Daniel"]
[Black "Vazquez, Facundo"]
[Result "0-1"]
[WhiteElo "1529"]
[BlackElo "1969"]
[EventDate "2018.06.01"]
[PlyCount "64"]

1.d4 Nf6 2.c4 g6 3.Nc3 Bg7 4.g3 O-O 5.Bg2 d6 6.Nf3 Nbd7 7.Bf4 Nh5 8.O-O 
Nxf4 9.gxf4 c6 10.Rc1 e5 11.Qd2 Bh6 12.Ng5 exf4 13.Nge4 Nf6 14.c5 dxc5 15.
Nxf6+ Qxf6 16.dxc5 Qg7 17.f3 Bf5 18.Rfd1 Bg5 19.Ne4 Bxe4 20.fxe4 Rad8 21.
Qb4 f3 22.Rxd8 Be3+ 23.Kf1 fxg2+ 24.Kxg2 Rxd8 25.Rf1 Qe5 26.Rf3 Qg5+ 27.
Rg3 Qf4 28.Qc3 Qxe4+ 29.Kh3 Bf4 30.Qf6 Rd5 31.Rf3 Rh5+ 32.Kg4 Be5+ 0-1

[Event "XIII American Continental"]
[Site "Montevideo URU"]
[Date "2018.06.02"]
[Round "2"]
[White "Palma Neira, Eliseo Maximiliano"]
[Black "Mordetzki, Ariel"]
[Result "1-0"]
[WhiteElo "1956"]
[BlackElo "1542"]
[EventDate "2018.06.01"]
[PlyCount "55"]

1.d4 e6 2.c4 Nf6 3.Nf3 c5 4.d5 exd5 5.cxd5 d6 6.Nc3 g6 7.Bf4 a6 8.a4 Bg7 
9.e4 Bg4 10.h3 Bxf3 11.Qxf3 Qe7 12.Bd3 Nbd7 13.O-O O-O 14.Bh2 Ne5 15.Qe2 
Rfe8 16.Bc2 Kh8 17.f4 Ned7 18.Rae1 Rab8 19.e5 Ng8 20.e6 Bxc3 21.bxc3 fxe6 
22.dxe6 Qg7 23.Qd3 Ndf6 24.Qxd6 Qe7 25.f5 Qxd6 26.Bxd6 Rbc8 27.g4 Kg7 28.
g5 1-0

[Event "XIII American Continental"]
[Site "Montevideo URU"]
[Date "2018.06.02"]
[Round "2"]
[White "Ribeiro, Gilnei Guedes"]
[Black "Rodriguez Farias, Eduardo"]
[Result "0-1"]
[WhiteElo "1445"]
[BlackElo "1943"]
[EventDate "2018.06.01"]
[PlyCount "62"]

1.d4 Nf6 2.Bf4 d6 3.e3 g6 4.Nf3 Bg7 5.Be2 O-O 6.O-O Nfd7 7.h3 e5 8.Bh2 f5 
9.c4 Nc6 10.Nc3 h6 11.a3 a5 12.Ne1 exd4 13.exd4 Nxd4 14.Bd3 Ne5 15.Nc2 Nb3
16.Rb1 Nxd3 17.Qxd3 Nc5 18.Qd2 Be6 19.b4 axb4 20.axb4 Nd7 21.Ne3 Qg5 22.
Ncd5 f4 23.Ng4 Bxd5 24.cxd5 h5 25.Bxf4 Qxf4 26.Ne3 Ne5 27.Qc2 Rf7 28.b5 b6
29.Rb3 g5 30.Rfb1 Raf8 31.Rf1 Nf3+ 0-1

[Event "XIII American Continental"]
[Site "Montevideo URU"]
[Date "2018.06.02"]
[Round "2"]
[White "Chaves, Jorge Antonio Torres"]
[Black "Stetsenko, Ilya"]
[Result "1-0"]
[WhiteElo "1936"]
[BlackElo "1461"]
[EventDate "2018.06.01"]
[PlyCount "63"]

1.e4 e6 2.d4 d5 3.e5 c5 4.c3 Nc6 5.Nf3 Bd7 6.Nbd2 cxd4 7.cxd4 Qb6 8.Nb3 a5
9.Be3 a4 10.Nbd2 Qxb2 11.Be2 Qb6 12.Rb1 Qa7 13.O-O Bb4 14.g4 Nh6 15.h3 Ba5
16.Bd3 Bb6 17.Qe2 Rb8 18.Bb5 Nxd4 19.Bxd7+ Kxd7 20.Nxd4 Bxd4 21.Qb5+ Kd8 
22.Bg5+ f6 23.exf6 Bxf6 24.Bf4 Rc8 25.g5 Rc5 26.Qe2 e5 27.gxf6 exf4 28.
Qe7+ Kc8 29.Rfc1 Rxc1+ 30.Rxc1+ Kb8 31.fxg7 Rg8 32.Qf8+ 1-0

[Event "XIII American Continental"]
[Site "Montevideo URU"]
[Date "2018.06.02"]
[Round "2"]
[White "Aprahamian, Tomas"]
[Black "Ramos, Angelo Bil"]
[Result "0-1"]
[WhiteElo "1399"]
[BlackElo "1926"]
[EventDate "2018.06.01"]
[PlyCount "152"]

1.d4 Nf6 2.Nf3 g6 3.e3 Bg7 4.Be2 O-O 5.O-O d6 6.c4 c5 7.Nc3 Na6 8.a3 Bd7 
9.Qc2 Qe8 10.Rb1 Rc8 11.b4 cxd4 12.Nxd4 d5 13.c5 Nc7 14.Qb3 e5 15.Nf3 Bf5 
16.Ra1 Qe7 17.Bb2 Rfd8 18.Rfd1 Be6 19.Qa4 e4 20.Nd4 a6 21.Rac1 Bd7 22.Qb3 
Ne6 23.Na4 Bxa4 24.Qxa4 Ne8 25.Qb3 Nxd4 26.Bxd4 Nc7 27.a4 Qd7 28.b5 Bxd4 
29.exd4 axb5 30.axb5 Qe6 31.b6 Ne8 32.Re1 f5 33.h3 Nf6 34.Qe3 Kg7 35.Ra1 
h6 36.h4 Nh7 37.g3 g5 38.hxg5 Nxg5 39.Ra7 Rd7 40.Kg2 Rf8 41.Rh1 Rdf7 42.
Rh4 Qf6 43.Bh5 Re7 44.Be2 Ne6 45.Ra4 f4 46.Rg4+ Kh7 47.gxf4 Nxf4+ 48.Kf1 
Ref7 49.Ra2 h5 50.Rxf4 Qxf4 51.Qxf4 Rxf4 52.Bxh5 e3 53.f3 Kh6 54.Rh2 Kg5 
55.Ke2 Rxd4 56.Kxe3 Rc4 57.Bg4 Rxc5 58.Rh5+ Kg6 59.Kd4 Rb5 60.Rxd5 Rxb6 
61.Ke5 Re8+ 62.Kd4 Re7 63.Kc5 Rc6+ 64.Kb5 Re1 65.Rd4 Kf6 66.Rf4+ Ke5 67.
Re4+ Rxe4 68.fxe4 Kxe4 69.Bd7 Kd5 70.Bxc6+ bxc6+ 71.Kb4 Kd4 72.Kb3 c5 73.
Kc2 Kc4 74.Kd2 Kb3 75.Kd3 c4+ 76.Kd2 Kb2 0-1

[Event "XIII American Continental"]
[Site "Montevideo URU"]
[Date "2018.06.02"]
[Round "2"]
[White "Pena Canapa, Alfredo"]
[Black "Maestro, Esteban"]
[Result "0-1"]
[WhiteElo "1925"]
[BlackElo "1444"]
[EventDate "2018.06.01"]
[PlyCount "32"]

1.d4 Nf6 2.c4 e6 3.g3 d5 4.Nf3 Be7 5.Bg2 O-O 6.O-O dxc4 7.Ne5 c5 8.dxc5 
Bxc5 9.Qc2 Qc7 10.Nxc4 Nc6 11.Be3 Bxe3 12.Nxe3 Rd8 13.Rc1 Bd7 14.Na3 Rac8 
15.Nb5 Qe5 16.Qb3 Na5 0-1

[Event "XIII American Continental"]
[Site "Montevideo URU"]
[Date "2018.06.02"]
[Round "2"]
[White "Shih Ferreira, Yin Chieh"]
[Black "Suarez, Pedro"]
[Result "0-1"]
[WhiteElo "1378"]
[BlackElo "1924"]
[EventDate "2018.06.01"]
[PlyCount "118"]

1.d4 Nf6 2.Nf3 g6 3.e3 Bg7 4.Be2 d6 5.Nbd2 O-O 6.O-O Nc6 7.c3 e5 8.h3 Nd7 
9.Re1 f5 10.g3 g5 11.h4 g4 12.Bc4+ Kh8 13.Ng5 Nb6 14.dxe5 Nxe5 15.Be6 h6 
16.Bxc8 Qxc8 17.Kg2 hxg5 18.hxg5 Qe6 19.Rh1+ Kg8 20.f4 gxf3+ 21.Nxf3 Nxf3 
22.Qxf3 Qe4 23.Rh4 Qxf3+ 24.Kxf3 d5 25.Bd2 Nc4 26.Ke2 Rae8 27.b3 Nxd2 28.
Kxd2 Re4 29.Rf4 Be5 30.Rf3 Rg4 31.Raf1 Rxg5 32.g4 Rxg4 33.Rxf5 Rxf5 34.
Rxf5 Bd6 35.a4 c6 36.Kd3 Kg7 37.Rf1 Be5 38.Rf3 Bf6 39.Rf2 Kf7 40.Kc2 Ke6 
41.Rf1 Re4 42.Kd3 Bg5 43.Rf3 Ke5 44.a5 Ke6 45.b4 Bf6 46.Rf2 Rc4 47.Rc2 c5 
48.bxc5 Rxc5 49.c4 dxc4+ 50.Rxc4 Rxc4 51.Kxc4 Kd6 52.e4 Bd8 53.Kb5 a6+ 54.
Ka4 Ke5 55.Kb4 Kxe4 56.Ka4 Kd5 57.Kb4 Kd4 58.Ka4 Kc4 59.Ka3 Bxa5 0-1

[Event "XIII American Continental"]
[Site "Montevideo URU"]
[Date "2018.06.02"]
[Round "2"]
[White "Moyses Sobrinho, Elias"]
[Black "Macias Araya, Javier"]
[Result "1-0"]
[WhiteElo "1920"]
[BlackElo "1378"]
[EventDate "2018.06.01"]
[PlyCount "83"]

1.d4 Nf6 2.c4 e6 3.a3 d5 4.Nc3 c5 5.dxc5 Bxc5 6.b4 Bb6 7.c5 Bc7 8.Nf3 h6 
9.Bb2 Nc6 10.g3 Bd7 11.Bg2 O-O 12.O-O Ne5 13.Nxe5 Bxe5 14.f4 Bxc3 15.Bxc3 
Bb5 16.Re1 Rc8 17.Qd4 b6 18.a4 Bc4 19.e4 Re8 20.e5 Nd7 21.cxb6 Qxb6 22.a5 
Qxd4+ 23.Bxd4 a6 24.Rec1 Nb8 25.Bc5 Nd7 26.Bd6 Nb8 27.Rc3 Nc6 28.Bc5 Rb8 
29.Rxc4 dxc4 30.Bxc6 Red8 31.Bd6 Rbc8 32.Bb7 c3 33.Bxc8 Rxc8 34.Bc5 Rd8 
35.Bd6 Rc8 36.Rc1 Rc4 37.Kf2 f6 38.Ke3 c2 39.Kd3 Rc8 40.Rxc2 Rxc2 41.Kxc2 
f5 42.b5 1-0

[Event "XIII American Continental"]
[Site "Montevideo URU"]
[Date "2018.06.02"]
[Round "2"]
[White "Podesta, Sofia"]
[Black "Ruggiero, Alvaro"]
[Result "1/2-1/2"]
[WhiteElo "1195"]
[BlackElo "1894"]
[EventDate "2018.06.01"]
[PlyCount "112"]

1.Nf3 d5 2.d4 Nf6 3.e3 e6 4.Bd3 c5 5.c3 Nc6 6.Nbd2 cxd4 7.exd4 Bd6 8.O-O 
O-O 9.Re1 Qc7 10.Nf1 e5 11.dxe5 Nxe5 12.Nxe5 Bxe5 13.Qe2 Bd6 14.h3 Bd7 15.
Bg5 Rfe8 16.Qf3 Ne4 17.Bxe4 dxe4 18.Rxe4 Bc6 19.Rxe8+ Rxe8 20.Qd3 Be4 21.
Qd2 h6 22.Bh4 Bf4 23.Bg3 Bxg3 24.Nxg3 Bc6 25.Qd4 Qa5 26.Qg4 Qe5 27.Nf5 Kh7
28.f4 Qf6 29.Rd1 g6 30.Nd4 Re4 31.Nxc6 Qxc6 32.Kh1 Qf6 33.g3 Qc6 34.Kh2 
Qb6 35.Rd2 Qe3 36.Qd7 Re7 37.Qd5 h5 38.h4 Qe1 39.f5 Re2+ 40.Rxe2 Qxe2+ 41.
Qg2 Qa6 42.fxg6+ fxg6 43.b4 b5 44.Qd5 Qf6 45.Qd7+ Kg8 46.Qxa7 Qxc3 47.Qb8+
Kh7 48.Qxb5 Qb2+ 49.Kh3 Qxa2 50.Qd7+ Kg8 51.b5 Qf2 52.Qd5+ Kg7 53.Qe5+ Kg8
54.Qe8+ Kg7 55.Qc6 Qf1+ 56.Kh2 Qe2+ 1/2-1/2

[Event "XIII American Continental"]
[Site "Montevideo URU"]
[Date "2018.06.02"]
[Round "2"]
[White "Busca, Joaquin"]
[Black "Kulik, Nicolas"]
[Result "1-0"]
[WhiteElo "1889"]
[BlackElo "1367"]
[EventDate "2018.06.01"]
[PlyCount "55"]

1.c4 e6 2.g3 f5 3.Bg2 Nf6 4.Nf3 c6 5.O-O d5 6.d4 Nbd7 7.Qc2 Be7 8.cxd5 
cxd5 9.Bf4 Qb6 10.Nc3 O-O 11.a4 a6 12.a5 Qa7 13.Na4 b6 14.Ng5 Nb8 15.Nxb6 
Ne8 16.Nxc8 Qb7 17.Nxe6 Rf6 18.Bxd5 Qxd5 19.Nxe7+ Kf7 20.Nxd5 Rxe6 21.Nc7 
Rc6 22.Qb3+ Kf8 23.Nxa8 Nd7 24.Rac1 Rxc1 25.Rxc1 h6 26.Rc8 Ke7 27.Rxe8+ 
Kf6 28.Qe6# 1-0

[Event "XIII American Continental"]
[Site "Montevideo URU"]
[Date "2018.06.02"]
[Round "2"]
[White "Pinero, Ismael"]
[Black "Baratta, Daniel"]
[Result "1-0"]
[WhiteElo "1883"]
[BlackElo "1193"]
[EventDate "2018.06.01"]
[PlyCount "61"]

1.e4 e6 2.d4 d5 3.Nc3 Bb4 4.e5 Ne7 5.Nf3 c5 6.a3 Bxc3+ 7.bxc3 c4 8.Be2 h6 
9.O-O Nd7 10.a4 Nf8 11.g3 Nfg6 12.h4 O-O 13.h5 Nh8 14.g4 f6 15.exf6 Rxf6 
16.Ne5 Nf7 17.f4 Nxe5 18.fxe5 Rxf1+ 19.Qxf1 Qf8 20.Ba3 Qxf1+ 21.Rxf1 Nc6 
22.Rf8+ Kh7 23.g5 hxg5 24.Bg4 a6 25.Bxe6 Bxe6 26.Rxa8 Bg4 27.Kf2 Bxh5 28.
e6 Bg6 29.e7 Nxe7 30.Bxe7 Bxc2 31.a5 1-0

[Event "XIII American Continental"]
[Site "Montevideo URU"]
[Date "2018.06.03"]
[Round "3"]
[White "Shankland, Samuel"]
[Black "Terry Lujan, Renato Alfredo"]
[Result "1/2-1/2"]
[WhiteElo "2717"]
[BlackElo "2503"]
[EventDate "2018.06.01"]
[PlyCount "114"]

1.e4 g6 2.d4 Bg7 3.Nf3 d6 4.Nbd2 Nf6 5.Bd3 O-O 6.O-O Nc6 7.c3 e5 8.dxe5 
Nxe5 9.Nxe5 dxe5 10.Nc4 Qe7 11.Bg5 h6 12.Bh4 Rd8 13.Qe2 Bg4 14.f3 Be6 15.
Rfd1 Bxc4 16.Bxc4 Rxd1+ 17.Rxd1 Rd8 18.b4 Rxd1+ 19.Qxd1 Qd7 20.Qxd7 Nxd7 
21.Kf1 Bf6 22.Bf2 a6 23.Ke2 c6 24.g3 Bd8 25.Be3 Kg7 26.h4 Bb6 27.Bd2 Nf6 
28.g4 Bd8 29.a4 Nd7 30.Be1 a5 31.Kd3 Kf8 32.Bf2 Ke8 33.Bb3 Kf8 34.Bd1 Kg7 
35.Kc4 Kf8 36.Kb3 Kg7 37.Be2 Kf8 38.Bc4 Ke8 39.Bf1 Kf8 40.Be3 h5 41.gxh5 
gxh5 42.Bh3 Ke8 43.Bf2 Nf8 44.bxa5 Bxa5 45.Bc8 Ng6 46.Bxb7 Kd7 47.Ba6 Bd8 
48.Bc4 Nxh4 49.a5 Nxf3 50.a6 Kc7 51.Bxf7 Nd2+ 52.Kc2 Nxe4 53.Bg1 Be7 54.
Bxh5 Bc5 55.Bh2 Kb6 56.Be2 Bf2 57.Bxe5 Nc5 1/2-1/2

[Event "XIII American Continental"]
[Site "Montevideo URU"]
[Date "2018.06.03"]
[Round "3"]
[White "Hoffman, Alejandro"]
[Black "Cori Tello, Jorge"]
[Result "1/2-1/2"]
[WhiteElo "2475"]
[BlackElo "2659"]
[EventDate "2018.06.01"]
[PlyCount "96"]

1.d4 Nf6 2.c4 e6 3.Nf3 Bb4+ 4.Bd2 Qe7 5.g3 Bxd2+ 6.Qxd2 d6 7.Bg2 O-O 8.O-O
e5 9.Nc3 Re8 10.e4 Bg4 11.d5 c6 12.Ne1 cxd5 13.cxd5 Na6 14.Nd3 Rec8 15.f3 
Bd7 16.b4 Rc4 17.a3 Rac8 18.Rfc1 Ne8 19.Nb2 R4c7 20.Bf1 f5 21.Ncd1 fxe4 
22.fxe4 Qd8 23.Nf2 Rxc1 24.Rxc1 Nac7 25.Nbd1 Nb5 26.Rxc8 Qxc8 27.Bxb5 Bxb5
28.Qc3 Qd8 29.Qe3 a6 30.Nc3 Bd7 31.Kg2 Qc7 32.Qd3 Nf6 33.h3 h6 34.Kf3 Kf7 
35.Ncd1 Bb5 36.Qc3 Qxc3+ 37.Nxc3 Bf1 38.Ncd1 g6 39.Ne3 Bb5 40.h4 h5 41.Nh3
Ke7 42.Ng5 Bd3 43.Nd1 Bc4 44.Nc3 Bb3 45.Ke3 Nd7 46.Nf3 Nb6 47.Nd2 Bc2 48.
Kf3 Na4 1/2-1/2

[Event "XIII American Continental"]
[Site "Montevideo URU"]
[Date "2018.06.03"]
[Round "3"]
[White "Xiong, Jeffery"]
[Black "Rodriguez Vila, Andres"]
[Result "1-0"]
[WhiteElo "2656"]
[BlackElo "2483"]
[EventDate "2018.06.01"]
[PlyCount "85"]

1.d4 Nf6 2.Nf3 g6 3.Nbd2 Bg7 4.e4 O-O 5.Bd3 d6 6.O-O Nc6 7.c3 e5 8.dxe5 
Nxe5 9.Nxe5 dxe5 10.Nc4 Qe7 11.Bg5 h6 12.Bh4 b6 13.Ne3 Qc5 14.Qc2 Be6 15.
b4 Qc6 16.Rfd1 Nh5 17.a4 Nf4 18.Bf1 a5 19.Be7 Rfc8 20.b5 Qb7 21.Rd2 Re8 
22.Bh4 h5 23.Rad1 Rac8 24.Bc4 Bxc4 25.Nxc4 Ne6 26.Rd7 Qa8 27.Be7 Qb8 28.
Qa2 Nf8 29.Bxf8 Rxf8 30.Qd2 c6 31.Nd6 Rc7 32.bxc6 Rxc6 33.Nxf7 Rf6 34.Ng5 
Qe8 35.Qd5+ Kh8 36.Qb7 Rg8 37.h4 Qf8 38.Nf7+ Kh7 39.Re7 b5 40.axb5 a4 41.
Rd8 Rxf7 42.Rxf8 Rfxf8 43.Qa7 1-0

[Event "XIII American Continental"]
[Site "Montevideo URU"]
[Date "2018.06.03"]
[Round "3"]
[White "Cordova Daza, Emilio"]
[Black "Cori Quispe, Kevin Joel"]
[Result "1/2-1/2"]
[WhiteElo "2621"]
[BlackElo "2468"]
[EventDate "2018.06.01"]
[PlyCount "81"]

1.Nf3 Nf6 2.g3 e6 3.d4 b5 4.Bg5 Bb7 5.Nbd2 d5 6.e3 a6 7.a4 b4 8.Nb3 Nbd7 
9.Na5 Qc8 10.Bxf6 Nxf6 11.c4 dxc4 12.Nxb7 Qxb7 13.Bg2 Be7 14.O-O O-O 15.
Ne5 Nd5 16.e4 Nf6 17.Qe2 c3 18.bxc3 c5 19.d5 exd5 20.exd5 Bd6 21.Nc6 bxc3 
22.Qc4 Rfe8 23.Qxc3 Qd7 24.a5 Qf5 25.Qc4 Ng4 26.Rad1 h5 27.h3 Ne5 28.Qc3 
c4 29.Nxe5 Qxe5 30.Qxc4 Rec8 31.Qa4 Rc5 32.Rfe1 Qf6 33.Rd3 g6 34.Rde3 Rc3 
35.h4 Bc5 36.Rxc3 Qxc3 37.Re8+ Rxe8 38.Qxe8+ Kg7 39.Kf1 Qc1+ 40.Qe1 Qxe1+ 
41.Kxe1 1/2-1/2

[Event "XIII American Continental"]
[Site "Montevideo URU"]
[Date "2018.06.03"]
[Round "3"]
[White "Panjwani, Raja"]
[Black "Cruz Sanchez, Cristhian"]
[Result "1/2-1/2"]
[WhiteElo "2456"]
[BlackElo "2576"]
[EventDate "2018.06.01"]
[PlyCount "75"]

1.d4 d5 2.Nf3 Nf6 3.c4 e6 4.Nc3 Be7 5.Bg5 h6 6.Bh4 O-O 7.e3 b6 8.Rc1 Bb7 
9.cxd5 Nxd5 10.Bxe7 Qxe7 11.Nxd5 Bxd5 12.Bc4 Bb7 13.O-O Rc8 14.e4 Nd7 15.
Re1 Nf6 16.e5 Nh7 17.Bd3 c5 18.Be4 Rd8 19.Qc2 Bxe4 20.Qxe4 Rac8 21.dxc5 
Rxc5 22.h4 Nf8 23.Kh2 f5 24.Qe3 Rdd5 25.Red1 Ng6 26.Rxd5 Rxd5 27.Rc4 Qd7 
28.Qc3 Kh7 29.Rc7 Qd8 30.Rc8 Qd7 31.Rc7 Qa4 32.Rc4 Qa5 33.b4 Qxa2 34.h5 
Nxe5 35.Nxe5 Rxe5 36.Qg3 Qxc4 37.Qg6+ Kg8 38.Qe8+ 1/2-1/2

[Event "XIII American Continental"]
[Site "Montevideo URU"]
[Date "2018.06.03"]
[Round "3"]
[White "Liang, Awonder"]
[Black "Sosa, Tomas"]
[Result "1/2-1/2"]
[WhiteElo "2571"]
[BlackElo "2453"]
[EventDate "2018.06.01"]
[PlyCount "61"]

1.e4 e5 2.Nf3 Nc6 3.Bc4 Nf6 4.d3 Bc5 5.Nc3 O-O 6.O-O h6 7.a3 a6 8.Be3 d6 
9.Nd5 Nxd5 10.Bxd5 Bxe3 11.fxe3 Ne7 12.Bb3 Ng6 13.Qe1 Be6 14.Bxe6 fxe6 15.
Qg3 Kh7 16.Rf2 Qe7 17.Raf1 Rf6 18.Qh3 Kg8 19.g4 Nf8 20.Qg3 Nh7 21.h4 g5 
22.hxg5 Nxg5 23.Nxg5 Rxf2 24.Qxf2 hxg5 25.Qf6 Qxf6 26.Rxf6 Re8 27.Kg2 Kg7 
28.Rf1 c5 29.a4 Rc8 30.b3 b6 31.c4 1/2-1/2

[Event "XIII American Continental"]
[Site "Montevideo URU"]
[Date "2018.06.03"]
[Round "3"]
[White "Vazquez Colman, Guillermo"]
[Black "Pichot, Alan"]
[Result "1/2-1/2"]
[WhiteElo "2436"]
[BlackElo "2564"]
[EventDate "2018.06.01"]
[PlyCount "118"]

1.d4 Nf6 2.c4 g6 3.Nf3 Bg7 4.g3 O-O 5.Bg2 d6 6.O-O Nc6 7.Nc3 e5 8.d5 Nb8 
9.e4 a5 10.Ne1 Na6 11.Nd3 Nd7 12.f4 exf4 13.gxf4 f5 14.exf5 Rxf5 15.Be3 
Ndc5 16.Nf2 Qh4 17.Qd2 Rh5 18.h3 Bd7 19.Ne2 Re8 20.Nd4 Qf6 21.Rad1 b6 22.
Rfe1 Qf7 23.b3 Nb4 24.Re2 Rh4 25.Nf3 Rh5 26.Rde1 Rf5 27.Bxc5 Rxe2 28.Rxe2 
bxc5 29.a3 Rxf4 30.Ng5 Qf6 31.Ne6 Qa1+ 32.Re1 Qc3 33.Qxc3 Bxc3 34.Nxf4 
Bxe1 35.axb4 cxb4 36.Ne4 Bh4 37.Ne6 a4 38.bxa4 b3 39.a5 b2 40.Nc3 Be1 41.
Nb1 Bxa5 42.Kf2 Kf7 43.Ke3 Bxe6 44.dxe6+ Kxe6 45.Kd3 Ke5 46.Kc2 Kf4 47.Bd5
g5 48.Kxb2 h5 49.Kb3 g4 50.hxg4 hxg4 51.Ka4 Be1 52.Na3 Bf2 53.Kb5 Ke3 54.
Kc6 Kd3 55.Kxc7 Bc5 56.Nb5 g3 57.Nxd6 Bxd6+ 58.Kxd6 g2 59.Bxg2 Kxc4 
1/2-1/2

[Event "XIII American Continental"]
[Site "Montevideo URU"]
[Date "2018.06.03"]
[Round "3"]
[White "Erenburg, Sergey"]
[Black "Roselli Mailhe, Bernardo"]
[Result "1-0"]
[WhiteElo "2563"]
[BlackElo "2433"]
[EventDate "2018.06.01"]
[PlyCount "123"]

1.e4 e6 2.d4 d5 3.Nd2 c5 4.Ngf3 Nc6 5.exd5 exd5 6.Bb5 Bd6 7.dxc5 Bxc5 8.
Nb3 Bd6 9.O-O Ne7 10.Re1 O-O 11.Bd3 h6 12.h3 Nf5 13.c3 Qf6 14.Bc2 Rd8 15.
Qd3 g6 16.Bd2 a5 17.Rad1 a4 18.Nbd4 Bf8 19.Nxc6 bxc6 20.Bf4 Nd6 21.Be5 Qf5
22.Qd2 Qd7 23.Qf4 Ne8 24.Nh2 Qb7 25.c4 Be6 26.cxd5 cxd5 27.Bxa4 Qb4 28.Bb3
Qxf4 29.Bxf4 Bg7 30.Be5 Bxe5 31.Rxe5 Nd6 32.Nf3 Nc4 33.Re2 Kf8 34.Nd4 Bd7 
35.Rc1 Be8 36.h4 h5 37.g3 Rd6 38.a3 Nb6 39.Rc7 Rb8 40.f3 Rd7 41.Rxd7 Bxd7 
42.Kf2 Rc8 43.Rc2 Rb8 44.Ke3 Rb7 45.Kd2 Ke7 46.Rc5 Kd6 47.Ra5 f6 48.Ba2 
Be8 49.b4 Bd7 50.Bb3 Be8 51.Ne2 Re7 52.Nc3 Bc6 53.Ra6 Kc7 54.Ra7+ Kd6 55.
Rxe7 Kxe7 56.Kd3 Nc4 57.Nxd5+ Bxd5 58.Bxc4 Bxf3 59.a4 g5 60.a5 Kd6 61.Kd4 
Bg2 62.Be2 1-0

[Event "XIII American Continental"]
[Site "Montevideo URU"]
[Date "2018.06.03"]
[Round "3"]
[White "Fernandez Cardoso, Alexey"]
[Black "Perez Ponsa, Federico"]
[Result "1/2-1/2"]
[WhiteElo "2429"]
[BlackElo "2556"]
[EventDate "2018.06.01"]
[PlyCount "36"]

1.e4 c6 2.d4 d5 3.e5 Bf5 4.Nf3 e6 5.Be2 Ne7 6.O-O Ng6 7.Be3 Nd7 8.Nbd2 f6 
9.exf6 Qxf6 10.c4 Bd6 11.Bg5 Qf7 12.Nh4 h6 13.Nxg6 Bxg6 14.Bh4 O-O 15.Bg3 
Bxg3 16.hxg3 Qf6 17.Nb3 a5 18.Qd2 a4 1/2-1/2

[Event "XIII American Continental"]
[Site "Montevideo URU"]
[Date "2018.06.03"]
[Round "3"]
[White "Moradiabadi, Elshan"]
[Black "Campora, Daniel Hugo"]
[Result "1-0"]
[WhiteElo "2549"]
[BlackElo "2424"]
[EventDate "2018.06.01"]
[PlyCount "123"]

1.d4 Nf6 2.c4 g6 3.g3 Bg7 4.Bg2 O-O 5.Nc3 c6 6.e4 d6 7.Nge2 a6 8.O-O e5 9.
b3 b5 10.dxe5 dxe5 11.Ba3 Re8 12.Qc2 Be6 13.Rad1 Qa5 14.Bd6 Nfd7 15.f4 f6 
16.f5 Bf7 17.b4 Qa3 18.Rf3 Bxc4 19.Nxb5 axb5 20.Rxa3 Rxa3 21.Nc1 Nb6 22.
fxg6 hxg6 23.Bc7 Na4 24.Bf1 Rc3 25.Qd2 Na6 26.Ba5 Bf7 27.Nb3 Be6 28.Rc1 
Rxc1 29.Nxc1 Bf8 30.a3 Rc8 31.Qf2 Bg7 32.Qa7 Nb8 33.Qe7 Bd7 34.Qd6 Kf7 35.
Qd2 Bf8 36.Nd3 Be6 37.Qf2 Nd7 38.Qa7 c5 39.bxc5 Nxc5 40.Bb4 Nxd3 41.Bxd3 
Bc5+ 42.Bxc5 Rxc5 43.Qb7 Ke7 44.Bxb5 Rc1+ 45.Kf2 Rc2+ 46.Ke1 f5 47.exf5 
gxf5 48.a4 Kd6 49.a5 Rc7 50.Qa6+ Kd5 51.Bxd7 Bxd7 52.Qd3+ Kc5 53.Qa3+ Kd5 
54.a6 Bc6 55.Qa5+ Kd6 56.Qb6 Kd7 57.Qc5 Rc8 58.a7 f4 59.Kf2 fxg3+ 60.hxg3 
Kc7 61.g4 Kb7 62.g5 1-0